[Event "European Chess Club Cup 2023"]
[Site "Durres, Albania"]
[Date "2023.10.01"]
[Round "1.43"]
[White "Pijpers, Arthur"]
[Black "Yankelevich, Lev"]
[Result "0-1"]
[TimeControl "90' + 30' & 30\""]
[WhiteElo "2433"]
[BlackElo "2399"]

1. e4 {[%clk 01:30:57]} {[%emt 00:00:03]} e6 {[%clk 01:30:54]} {[%emt
00:00:06]} 2. d4 {[%clk 01:31:22]} {[%emt 00:00:05]} d5 {[%clk 01:31:20]}
{[%emt 00:00:04]} 3. Nc3 {[%clk 01:31:47]} {[%emt 00:00:04]} Nf6 {[%clk
01:31:47]} {[%emt 00:00:05]} 4. e5 {[%clk 01:31:35]} {[%emt 00:00:42]} Nfd7
{[%clk 01:32:06]} {[%emt 00:00:09]} 5. f4 {[%clk 01:31:55]} {[%emt 00:00:10]}
c5 {[%clk 01:32:27]} {[%emt 00:00:09]} 6. Nf3 {[%clk 01:32:22]} {[%emt
00:00:04]} Nc6 {[%clk 01:32:35]} {[%emt 00:00:21]} 7. Be3 {[%clk 01:32:45]}
{[%emt 00:00:07]} a6 {[%clk 01:32:56]} {[%emt 00:00:10]} 8. Ne2 {[%clk
01:30:21]} {[%emt 00:02:55]} Qb6 {[%clk 01:31:21]} {[%emt 00:02:04]} 9. Qc1
{[%clk 01:30:20]} {[%emt 00:00:32]} Be7 {[%clk 01:31:24]} {[%emt 00:00:26]} 10.
c3 {[%clk 01:30:18]} {[%emt 00:00:32]} O-O {[%clk 01:31:32]} {[%emt 00:00:22]}
11. g3 {[%clk 01:29:25]} {[%emt 00:01:23]} Qa5 {[%clk 01:13:56]} {[%emt
00:18:06]} 12. a3 {[%clk 01:08:49]} {[%emt 00:21:06]} Nxd4 {[%clk 01:09:43]}
{[%emt 00:04:43]} 13. Nexd4 {[%clk 01:07:44]} {[%emt 00:01:35]} cxd4 {[%clk
01:09:04]} {[%emt 00:01:09]} 14. Nxd4 {[%clk 00:57:35]} {[%emt 00:10:39]} Qc7
{[%clk 01:05:17]} {[%emt 00:04:16]} 15. Bg2 {[%clk 00:50:45]} {[%emt 00:07:21]}
Nc5 {[%clk 01:02:55]} {[%emt 00:02:51]} 16. O-O {[%clk 00:49:33]} {[%emt
00:01:42]} Bd7 {[%clk 00:59:07]} {[%emt 00:04:18]} 17. Qc2 {[%clk 00:42:39]}
{[%emt 00:07:24]} Rad8 {[%clk 00:40:18]} {[%emt 00:19:18]} 18. Rae1 {[%clk
00:28:07]} {[%emt 00:15:07]} Kh8 {[%clk 00:37:55]} {[%emt 00:02:49]} 19. f5
{[%clk 00:24:30]} {[%emt 00:04:07]} exf5 {[%clk 00:38:15]} {[%emt 00:00:10]} 20.
Nxf5 {[%clk 00:24:32]} {[%emt 00:00:28]} Bb5 {[%clk 00:32:37]} {[%emt
00:06:08]} 21. Rf4 {[%clk 00:13:05]} {[%emt 00:11:57]} Nd3 {[%clk 00:31:54]}
{[%emt 00:01:13]} 22. Nxe7 {[%clk 00:09:54]} {[%emt 00:03:42]} Nxf4 {[%clk
00:29:52]} {[%emt 00:02:31]} 23. gxf4 {[%clk 00:10:22]} {[%emt 00:00:02]} Qxe7
{[%clk 00:30:02]} {[%emt 00:00:20]} 24. Qf2 {[%clk 00:10:47]} {[%emt 00:00:04]}
Rfe8 {[%clk 00:28:51]} {[%emt 00:01:42]} 25. Bc5 {[%clk 00:10:18]} {[%emt
00:00:59]} Qd7 {[%clk 00:29:00]} {[%emt 00:00:21]} 26. f5 {[%clk 00:10:40]}
{[%emt 00:00:08]} Bd3 {[%clk 00:28:18]} {[%emt 00:01:11]} 27. Bh3 {[%clk
00:08:51]} {[%emt 00:02:20]} Qc6 {[%clk 00:25:37]} {[%emt 00:03:11]} 28. e6
{[%clk 00:07:07]} {[%emt 00:02:13]} fxe6 {[%clk 00:21:14]} {[%emt 00:04:54]} 29.
f6 {[%clk 00:06:40]} {[%emt 00:00:57]} Bf5 {[%clk 00:20:27]} {[%emt 00:01:16]}
30. Be7 {[%clk 00:01:59]} {[%emt 00:05:11]} Bxh3 {[%clk 00:18:44]} {[%emt
00:02:13]} 31. Qg3 {[%clk 00:01:44]} {[%emt 00:00:45]} Rxe7 {[%clk 00:18:20]}
{[%emt 00:00:54]} 32. fxe7 {[%clk 00:02:10]} {[%emt 00:00:04]} Qc5+ {[%clk
00:18:09]} {[%emt 00:00:41]} 33. Kh1 {[%clk 00:02:28]} {[%emt 00:00:12]} Qxe7
{[%clk 00:18:31]} {[%emt 00:00:08]} 34. Qxh3 {[%clk 00:02:57]} {[%emt
00:00:02]} e5 {[%clk 00:18:22]} {[%emt 00:00:39]} 35. Qe3 {[%clk 00:01:12]}
{[%emt 00:02:15]} e4 {[%clk 00:18:11]} {[%emt 00:00:41]} 36. Rd1 {[%clk
00:00:41]} {[%emt 00:01:01]} h6 {[%clk 00:18:24]} {[%emt 00:00:16]} 37. Qd4
{[%clk 00:00:41]} {[%emt 00:00:31]} Qf7 {[%clk 00:16:18]} {[%emt 00:02:36]} 38.
Qe3 {[%clk 00:00:33]} {[%emt 00:00:38]} Qf6 {[%clk 00:16:29]} {[%emt 00:00:18]}
39. c4 {[%clk 00:00:39]} {[%emt 00:00:25]} dxc4 {[%clk 00:13:33]} {[%emt
00:03:27]} 40. Rxd8+ {[%clk 00:01:06]} {[%emt 00:00:02]} Qxd8 {[%clk 00:13:55]}
{[%emt 00:00:07]} 41. Qxe4 {[%clk 00:01:33]} {[%emt 00:00:03]} Qd1+ {[%clk
00:11:21]} {[%emt 00:03:04]} 42. Kg2 {[%clk 00:01:44]} {[%emt 00:00:19]} Qd2+
{[%clk 00:11:47]} {[%emt 00:00:04]} 43. Kf3 {[%clk 00:29:39]} {[%emt 00:02:35]}
Qd3+ {[%clk 00:42:05]} {[%emt 00:00:12]} 0-1

[Event "European Chess Club Cup 2023"]
[Site "Durres, Albania"]
[Date "2023.10.01"]
[Round "1.44"]
[White "Salles, Louis"]
[Black "Van Haastert, Edwin"]
[Result "1/2-1/2"]
[TimeControl "90' + 30' & 30\""]
[WhiteElo "2318"]
[BlackElo "2427"]

1. e4 {[%clk 01:30:56]} {[%emt 00:00:03]} e6 {[%clk 01:30:52]} {[%emt
00:00:08]} 2. d4 {[%clk 01:31:21]} {[%emt 00:00:05]} d5 {[%clk 01:31:19]}
{[%emt 00:00:04]} 3. e5 {[%clk 01:31:46]} {[%emt 00:00:05]} c5 {[%clk
01:31:43]} {[%emt 00:00:05]} 4. c3 {[%clk 01:32:09]} {[%emt 00:00:08]} Nc6
{[%clk 01:32:09]} {[%emt 00:00:04]} 5. Nf3 {[%clk 01:32:34]} {[%emt 00:00:06]}
Bd7 {[%clk 01:32:34]} {[%emt 00:00:04]} 6. Be2 {[%clk 01:32:40]} {[%emt
00:00:24]} Nge7 {[%clk 01:32:57]} {[%emt 00:00:06]} 7. O-O {[%clk 01:32:27]}
{[%emt 00:00:42]} cxd4 {[%clk 01:33:13]} {[%emt 00:00:15]} 8. cxd4 {[%clk
01:32:44]} {[%emt 00:00:13]} Nf5 {[%clk 01:33:39]} {[%emt 00:00:04]} 9. Nc3
{[%clk 01:31:03]} {[%emt 00:02:11]} Rc8 {[%clk 01:33:38]} {[%emt 00:00:30]} 10.
Kh1 {[%clk 01:29:20]} {[%emt 00:02:14]} a6 {[%clk 01:33:51]} {[%emt 00:00:16]}
11. a3 {[%clk 01:29:09]} {[%emt 00:00:41]} Qb6 {[%clk 01:33:17]} {[%emt
00:01:05]} 12. Be3 {[%clk 01:28:51]} {[%emt 00:00:46]} Na5 {[%clk 01:33:32]}
{[%emt 00:00:15]} 13. Rb1 {[%clk 01:28:55]} {[%emt 00:00:27]} Qb3 {[%clk
01:33:48]} {[%emt 00:00:14]} 14. Qd3 {[%clk 01:28:31]} {[%emt 00:00:54]} Qb6
{[%clk 01:34:12]} {[%emt 00:00:05]} 15. Qd1 {[%clk 01:19:55]} {[%emt 00:09:07]}
Qb3 {[%clk 01:34:02]} {[%emt 00:00:40]} 16. Qd3 {[%clk 01:19:55]} {[%emt
00:00:29]} Qb6 {[%clk 01:34:21]} {[%emt 00:00:12]} 17. Qd1 {[%emt 00:19:06]}
1/2-1/2

[Event "European Chess Club Cup 2023"]
[Site "Durres, Albania"]
[Date "2023.10.01"]
[Round "1.45"]
[White "De Jong, Jan-Willem"]
[Black "Cahen, Alexis"]
[Result "1-0"]
[TimeControl "90' + 30' & 30\""]
[WhiteElo "2412"]
[BlackElo "2049"]

1. c4 {[%clk 01:30:52]} {[%emt 00:00:08]} c5 {[%clk 01:30:36]} {[%emt
00:00:23]} 2. g3 {[%clk 01:31:13]} {[%emt 00:00:11]} g6 {[%clk 01:30:42]}
{[%emt 00:00:22]} 3. Bg2 {[%clk 01:31:38]} {[%emt 00:00:06]} Bg7 {[%clk
01:30:47]} {[%emt 00:00:25]} 4. Nc3 {[%clk 01:31:53]} {[%emt 00:00:15]} Nc6
{[%clk 01:30:47]} {[%emt 00:00:30]} 5. Nf3 {[%clk 01:31:54]} {[%emt 00:00:29]}
e5 {[%clk 01:28:55]} {[%emt 00:02:22]} 6. a3 {[%clk 01:31:42]} {[%emt
00:00:43]} a5 {[%clk 01:25:57]} {[%emt 00:03:29]} 7. d3 {[%clk 01:27:42]}
{[%emt 00:04:29]} Nge7 {[%clk 01:24:36]} {[%emt 00:01:50]} 8. O-O {[%clk
01:25:19]} {[%emt 00:02:53]} O-O {[%clk 01:21:45]} {[%emt 00:03:19]} 9. Ne1
{[%clk 01:23:42]} {[%emt 00:02:10]} d6 {[%clk 01:21:24]} {[%emt 00:00:50]} 10.
Nc2 {[%clk 01:22:35]} {[%emt 00:01:37]} Be6 {[%clk 01:19:55]} {[%emt 00:01:59]}
11. Ne3 {[%clk 01:22:55]} {[%emt 00:00:11]} Qd7 {[%clk 01:19:09]} {[%emt
00:01:15]} 12. Ned5 {[%clk 01:22:23]} {[%emt 00:01:03]} Rab8 {[%clk 01:16:26]}
{[%emt 00:03:12]} 13. Rb1 {[%clk 01:12:06]} {[%emt 00:10:48]} Bh3 {[%clk
01:04:49]} {[%emt 00:12:06]} 14. Bd2 {[%clk 01:02:11]} {[%emt 00:10:26]} Bxg2
{[%clk 01:03:40]} {[%emt 00:01:39]} 15. Kxg2 {[%clk 01:01:37]} {[%emt
00:01:03]} Nxd5 {[%clk 00:57:37]} {[%emt 00:06:33]} 16. Nxd5 {[%clk 00:50:17]}
{[%emt 00:11:51]} b5 {[%clk 00:51:41]} {[%emt 00:06:26]} 17. b4 {[%clk
00:46:31]} {[%emt 00:04:17]} axb4 {[%clk 00:44:25]} {[%emt 00:07:45]} 18. axb4
{[%clk 00:46:50]} {[%emt 00:00:11]} cxb4 {[%clk 00:36:44]} {[%emt 00:08:12]} 19.
Bxb4 {[%clk 00:46:42]} {[%emt 00:00:38]} Rfc8 {[%clk 00:30:50]} {[%emt
00:06:23]} 20. Ba3 {[%clk 00:40:55]} {[%emt 00:06:17]} Qe6 {[%clk 00:24:50]}
{[%emt 00:06:30]} 21. Ne3 {[%clk 00:30:37]} {[%emt 00:10:49]} Bh6 {[%clk
00:21:01]} {[%emt 00:04:18]} 22. cxb5 {[%clk 00:27:31]} {[%emt 00:03:37]} Nd4
{[%clk 00:21:15]} {[%emt 00:00:16]} 23. b6 {[%clk 00:20:01]} {[%emt 00:08:00]}
Rc6 {[%clk 00:17:35]} {[%emt 00:04:09]} 24. b7 {[%clk 00:16:36]} {[%emt
00:03:55]} Ra6 {[%clk 00:17:10]} {[%emt 00:00:55]} 25. Nc4 {[%clk 00:13:58]}
{[%emt 00:03:07]} Bf8 {[%clk 00:13:32]} {[%emt 00:04:09]} 26. e3 {[%clk
00:09:55]} {[%emt 00:04:34]} Qd5+ {[%clk 00:06:21]} {[%emt 00:07:41]} 27. e4
{[%clk 00:10:16]} {[%emt 00:00:08]} Qc6 {[%clk 00:05:57]} {[%emt 00:00:54]} 28.
Bb2 {[%clk 00:08:11]} {[%emt 00:02:36]} Rxb7 {[%clk 00:05:40]} {[%emt
00:00:48]} 29. Bxd4 {[%clk 00:08:20]} {[%emt 00:00:20]} Rxb1 {[%clk 00:04:48]}
{[%emt 00:01:21]} 30. Qxb1 {[%clk 00:08:45]} {[%emt 00:00:05]} exd4 {[%clk
00:05:16]} {[%emt 00:00:02]} 31. Rc1 {[%clk 00:06:32]} {[%emt 00:02:43]} Qa4
{[%clk 00:04:13]} {[%emt 00:01:33]} 32. Qb2 {[%clk 00:06:09]} {[%emt 00:00:54]}
Bg7 {[%clk 00:03:39]} {[%emt 00:01:03]} 33. Nb6 {[%clk 00:05:49]} {[%emt
00:00:51]} Qa5 {[%clk 00:00:32]} {[%emt 00:03:37]} 34. Rc8+ {[%clk 00:05:21]}
{[%emt 00:00:57]} Bf8 {[%clk 00:00:59]} {[%emt 00:00:04]} 35. Nd7 {[%clk
00:03:56]} {[%emt 00:01:55]} Ra8 {[%clk 00:01:25]} {[%emt 00:00:04]} 36. Qb7
{[%clk 00:04:19]} {[%emt 00:00:06]} Ra7 {[%clk 00:00:31]} {[%emt 00:01:24]} 37.
Rxf8+ {[%clk 00:04:05]} {[%emt 00:00:44]} Kg7 {[%clk 00:01:01]} 38. Rg8+ {[%clk
00:03:30]} {[%emt 00:01:05]} Kh6 {[%clk 00:01:30]} 39. Qc8 {[%clk 00:03:15]}
{[%emt 00:00:45]} Qd2 {[%clk 00:00:31]} {[%emt 00:01:28]} 40. Ne5 {[%clk
00:01:08]} {[%emt 00:02:38]} Qe2 {[%clk 00:00:31]} {[%emt 00:00:31]} 41. Qh3+
{[%clk 00:01:07]} {[%emt 00:00:29]} Qh5 {[%clk 00:28:39]} {[%emt 00:02:22]} 42.
Ng4+ {[%clk 00:31:28]} {[%emt 00:00:09]} 1-0

[Event "European Chess Club Cup 2023"]
[Site "Durres, Albania"]
[Date "2023.10.01"]
[Round "1.46"]
[White "Favier, Alain"]
[Black "Van Der Werf, Mark"]
[Result "1/2-1/2"]
[TimeControl "90' + 30' & 30\""]
[WhiteElo "2023"]
[BlackElo "2399"]

1. d4 {[%clk 01:30:56]} {[%emt 00:00:03]} Nf6 {[%clk 01:30:54]} {[%emt
00:00:07]} 2. c4 {[%clk 01:31:19]} {[%emt 00:00:08]} e6 {[%clk 01:31:18]}
{[%emt 00:00:04]} 3. Nc3 {[%clk 01:31:45]} {[%emt 00:00:05]} Bb4 {[%clk
01:31:44]} {[%emt 00:00:04]} 4. Qc2 {[%clk 01:31:42]} {[%emt 00:00:32]} O-O
{[%clk 01:32:07]} {[%emt 00:00:08]} 5. e4 {[%clk 01:32:09]} {[%emt 00:00:03]}
d5 {[%clk 01:32:23]} {[%emt 00:00:13]} 6. e5 {[%clk 01:32:33]} {[%emt
00:00:07]} Ne4 {[%clk 01:32:44]} {[%emt 00:00:10]} 7. Bd3 {[%clk 01:33:00]}
{[%emt 00:00:02]} c5 {[%clk 01:32:54]} {[%emt 00:00:19]} 8. Nge2 {[%clk
01:32:34]} {[%emt 00:00:57]} cxd4 {[%clk 01:33:13]} {[%emt 00:00:11]} 9. Nxd4
{[%clk 01:32:58]} {[%emt 00:00:06]} Nd7 {[%clk 01:33:18]} {[%emt 00:00:24]} 10.
Bf4 {[%clk 01:31:51]} {[%emt 00:01:38]} Ndc5 {[%clk 01:32:23]} {[%emt
00:01:24]} 11. O-O {[%clk 01:31:08]} {[%emt 00:01:14]} Bxc3 {[%clk 01:32:45]}
{[%emt 00:00:08]} 12. bxc3 {[%clk 01:31:31]} {[%emt 00:00:07]} Bd7 {[%clk
01:31:13]} {[%emt 00:02:07]} 13. Bxe4 {[%clk 01:29:05]} {[%emt 00:02:52]} Nxe4
{[%clk 01:27:26]} {[%emt 00:04:17]} 14. Rfe1 {[%clk 01:21:47]} {[%emt
00:07:48]} Rc8 {[%clk 01:25:00]} {[%emt 00:02:56]} 15. cxd5 {[%clk 01:19:21]}
{[%emt 00:02:57]} exd5 {[%clk 01:24:59]} {[%emt 00:00:30]} 16. Qb3 {[%clk
01:14:57]} {[%emt 00:04:54]} Nc5 {[%clk 01:18:44]} {[%emt 00:06:44]} 17. Qd1
{[%clk 01:12:42]} {[%emt 00:02:46]} Ne6 {[%clk 01:06:10]} {[%emt 00:13:04]} 18.
Bd2 {[%clk 01:10:11]} {[%emt 00:03:01]} Nxd4 {[%clk 00:58:27]} {[%emt
00:08:12]} 19. cxd4 {[%clk 01:10:30]} {[%emt 00:00:12]} Qb6 {[%clk 00:58:46]}
{[%emt 00:00:11]} 20. Rb1 {[%clk 01:03:07]} {[%emt 00:07:52]} Qxd4 {[%clk
00:58:36]} {[%emt 00:00:39]} 21. Rxb7 {[%clk 01:03:30]} {[%emt 00:00:09]} Bg4
{[%clk 00:56:56]} {[%emt 00:02:09]} 22. Rb4 {[%clk 01:03:18]} {[%emt 00:00:42]}
Qxb4 {[%clk 00:52:48]} {[%emt 00:04:39]} 23. Bxb4 {[%clk 01:03:47]} Bxd1 {[%clk
00:53:12]} {[%emt 00:00:07]} 24. Bxf8 {[%clk 01:04:09]} {[%emt 00:00:07]} Kxf8
{[%clk 00:53:38]} {[%emt 00:00:04]} 25. Rxd1 {[%clk 01:04:35]} {[%emt
00:00:05]} Ke7 {[%clk 00:53:54]} {[%emt 00:00:13]} 26. f4 {[%clk 00:54:03]}
{[%emt 00:11:02]} Ke6 {[%clk 00:54:18]} {[%emt 00:00:06]} 27. Rd2 {[%clk
00:54:28]} {[%emt 00:00:05]} Rc4 {[%clk 00:50:25]} {[%emt 00:04:22]} 28. g3
{[%clk 00:54:25]} {[%emt 00:00:34]} d4 {[%clk 00:49:04]} {[%emt 00:01:50]} 29.
Kf2 {[%clk 00:53:27]} {[%emt 00:01:28]} Kd5 {[%clk 00:49:01]} {[%emt 00:00:39]}
30. Rb2 {[%clk 00:50:17]} {[%emt 00:03:33]} Ra4 {[%clk 00:48:03]} {[%emt
00:01:27]} 31. Rb7 {[%clk 00:48:56]} {[%emt 00:01:52]} Rxa2+ {[%clk 00:48:17]}
{[%emt 00:00:17]} 32. Kf3 {[%clk 00:49:21]} {[%emt 00:00:04]} Ra3+ {[%clk
00:47:34]} {[%emt 00:01:13]} 33. Ke2 {[%clk 00:49:32]} {[%emt 00:00:20]} Ke6
{[%clk 00:45:08]} {[%emt 00:02:55]} 34. Kd2 {[%clk 00:45:03]} {[%emt 00:04:59]}
h5 {[%clk 00:40:48]} {[%emt 00:04:49]} 35. Rb4 {[%clk 00:40:33]} {[%emt
00:05:01]} Ra2+ {[%clk 00:30:50]} {[%emt 00:10:28]} 36. Kd3 {[%clk 00:40:03]}
{[%emt 00:01:00]} Rxh2 {[%clk 00:31:10]} {[%emt 00:00:10]} 37. Kxd4 {[%clk
00:38:57]} {[%emt 00:01:36]} Rh3 {[%clk 00:23:52]} {[%emt 00:07:48]} 38. Ke4
{[%clk 00:38:40]} {[%emt 00:00:47]} g6 {[%clk 00:24:08]} {[%emt 00:00:14]} 39.
Ra4 {[%clk 00:38:54]} {[%emt 00:00:16]} Rxg3 {[%clk 00:24:13]} {[%emt
00:00:25]} 40. Ra6+ {[%clk 00:39:19]} {[%emt 00:00:05]} Ke7 {[%clk 00:24:40]}
{[%emt 00:00:04]} 41. Rxa7+ {[%clk 00:39:42]} {[%emt 00:00:06]} Kf8 {[%clk
00:25:00]} {[%emt 00:00:10]} 42. e6 {[%clk 00:37:39]} {[%emt 00:02:33]} fxe6
{[%clk 00:23:50]} {[%emt 00:01:40]} 43. Ke5 {[%clk 00:38:05]} {[%emt 00:00:04]}
Rf3 {[%clk 00:20:32]} {[%emt 00:03:49]} 44. Kf6 {[%clk 00:36:40]} {[%emt
00:01:54]} Rxf4+ {[%clk 00:20:53]} {[%emt 00:00:09]} 45. Kxg6 {[%clk 00:37:03]}
{[%emt 00:00:07]} h4 {[%clk 00:17:33]} {[%emt 00:03:49]} 46. Kg5 {[%clk
00:37:13]} {[%emt 00:00:21]} Rf7 {[%clk 00:15:16]} {[%emt 00:02:47]} 47. Ra8+
{[%clk 00:35:41]} {[%emt 00:02:02]} Kg7 {[%clk 00:15:19]} {[%emt 00:00:26]} 48.
Kxh4 {[%clk 00:36:06]} {[%emt 00:00:07]} Rf1 {[%clk 00:13:30]} {[%emt
00:02:18]} 49. Kg3 {[%clk 00:36:13]} {[%emt 00:00:24]} Kf7 {[%clk 00:13:34]}
{[%emt 00:00:25]} 50. Ra4 {[%clk 00:35:33]} {[%emt 00:01:10]} Ke7 {[%clk
00:13:28]} {[%emt 00:00:35]} 51. Rf4 {[%clk 00:35:20]} {[%emt 00:00:44]} Ra1
{[%clk 00:13:53]} {[%emt 00:00:05]} 52. Kf3 {[%clk 00:34:58]} {[%emt 00:00:52]}
Ra3+ {[%clk 00:13:42]} {[%emt 00:00:41]} 53. Ke4 {[%clk 00:33:55]} {[%emt
00:01:32]} Kd6 {[%clk 00:14:04]} {[%emt 00:00:08]} 54. Rf8 {[%clk 00:33:32]}
{[%emt 00:00:54]} Ra4+ {[%clk 00:14:22]} {[%emt 00:00:12]} 55. Ke3 {[%clk
00:33:00]} {[%emt 00:01:02]} Ke5 {[%clk 00:14:45]} {[%emt 00:00:07]} 56. Rb8
{[%clk 00:33:19]} {[%emt 00:00:10]} Ra3+ {[%clk 00:15:09]} {[%emt 00:00:06]} 57.
Ke2 {[%clk 00:33:40]} {[%emt 00:00:10]} Kd5 {[%clk 00:12:04]} {[%emt 00:03:33]}
58. Rb5+ {[%clk 00:33:31]} {[%emt 00:00:41]} Kd4 {[%clk 00:12:26]} {[%emt
00:00:08]} 59. Rb4+ {[%clk 00:33:50]} {[%emt 00:00:11]} Kc5 {[%clk 00:12:51]}
{[%emt 00:00:04]} 60. Rb2 {[%clk 00:26:28]} {[%emt 00:07:53]} Rh3 {[%clk
00:12:23]} {[%emt 00:00:56]} 61. Rb8 {[%clk 00:26:32]} {[%emt 00:00:27]} Kd4
{[%clk 00:12:20]} {[%emt 00:00:33]} 62. Rb4+ {[%clk 00:26:38]} {[%emt
00:00:25]} Ke5 {[%clk 00:12:40]} {[%emt 00:00:08]} 63. Ra4 {[%clk 00:26:51]}
{[%emt 00:00:19]} Kf5 {[%clk 00:12:58]} {[%emt 00:00:12]} 64. Kf2 {[%clk
00:25:52]} {[%emt 00:01:29]} e5 {[%clk 00:12:47]} {[%emt 00:00:40]} 65. Ke2
{[%clk 00:25:33]} {[%emt 00:00:50]} Rb3 {[%clk 00:13:12]} {[%emt 00:00:04]} 66.
Kf2 {[%clk 00:25:10]} {[%emt 00:00:54]} Rd3 {[%clk 00:09:42]} {[%emt 00:04:00]}
67. Ke2 {[%clk 00:24:49]} {[%emt 00:00:51]} Rd6 {[%clk 00:09:53]} {[%emt
00:00:17]} 68. Ke3 {[%clk 00:24:33]} {[%emt 00:00:47]} Rb6 {[%clk 00:09:51]}
{[%emt 00:00:32]} 69. Ke2 {[%clk 00:24:13]} {[%emt 00:00:50]} e4 {[%clk
00:09:41]} {[%emt 00:00:40]} 70. Ra8 {[%clk 00:24:02]} {[%emt 00:00:40]} Rd6
{[%clk 00:09:22]} {[%emt 00:00:49]} 71. Rf8+ {[%clk 00:22:10]} {[%emt
00:02:23]} Ke5 {[%clk 00:09:37]} {[%emt 00:00:15]} 72. Ke3 {[%clk 00:22:35]}
{[%emt 00:00:06]} Rd3+ {[%emt 00:00:19]} 1/2-1/2

[Event "European Chess Club Cup 2023"]
[Site "Durres, Albania"]
[Date "2023.10.01"]
[Round "1.47"]
[White "Bosman, Michiel"]
[Black "Barthel, Ansgar"]
[Result "1-0"]
[TimeControl "90' + 30' & 30\""]
[WhiteElo "2366"]
[BlackElo "2056"]

1. d4 {[%clk 01:30:41]} {[%emt 00:00:19]} Nf6 {[%clk 01:30:51]} {[%emt
00:00:10]} 2. c4 {[%clk 01:30:47]} {[%emt 00:00:25]} g6 {[%clk 01:31:13]}
{[%emt 00:00:07]} 3. Nc3 {[%clk 01:30:34]} {[%emt 00:00:42]} Bg7 {[%clk
01:31:36]} {[%emt 00:00:07]} 4. e4 {[%clk 01:30:33]} {[%emt 00:00:31]} d6
{[%clk 01:32:00]} {[%emt 00:00:06]} 5. Be2 {[%clk 01:29:59]} {[%emt 00:01:04]}
O-O {[%clk 01:32:18]} {[%emt 00:00:12]} 6. Be3 {[%clk 01:30:17]} {[%emt
00:00:13]} c5 {[%clk 01:31:06]} {[%emt 00:01:41]} 7. d5 {[%clk 01:30:17]}
{[%emt 00:00:31]} b5 {[%clk 01:31:01]} {[%emt 00:00:35]} 8. cxb5 {[%clk
01:29:59]} {[%emt 00:00:47]} a6 {[%clk 01:31:23]} {[%emt 00:00:08]} 9. a4
{[%clk 01:30:22]} {[%emt 00:00:07]} Qa5 {[%clk 01:31:47]} {[%emt 00:00:06]} 10.
Bd2 {[%clk 01:30:15]} {[%emt 00:00:37]} axb5 {[%clk 01:22:58]} {[%emt
00:09:19]} 11. Bxb5 {[%clk 01:27:24]} {[%emt 00:03:22]} Ba6 {[%clk 01:20:08]}
{[%emt 00:03:18]} 12. Ra3 {[%clk 01:23:28]} {[%emt 00:04:27]} Qb4 {[%clk
01:04:37]} {[%emt 00:16:02]} 13. Rb3 {[%clk 01:05:59]} {[%emt 00:17:59]} Qa5
{[%clk 01:05:00]} {[%emt 00:00:06]} 14. Nf3 {[%clk 01:05:06]} {[%emt 00:01:23]}
Nbd7 {[%clk 00:53:35]} {[%emt 00:11:55]} 15. O-O {[%clk 00:59:15]} {[%emt
00:06:21]} Bxb5 {[%clk 00:47:31]} {[%emt 00:06:34]} 16. Rxb5 {[%clk 00:49:00]}
{[%emt 00:10:44]} Qa6 {[%clk 00:47:10]} {[%emt 00:00:50]} 17. Qb3 {[%clk
00:38:43]} {[%emt 00:10:49]} Ng4 {[%clk 00:29:15]} {[%emt 00:18:29]} 18. Ra1
{[%clk 00:35:33]} {[%emt 00:03:35]} Rfb8 {[%clk 00:28:25]} {[%emt 00:01:19]} 19.
Ra3 {[%clk 00:34:53]} {[%emt 00:01:12]} Qa7 {[%clk 00:18:08]} {[%emt 00:10:46]}
20. Nd1 {[%clk 00:30:19]} {[%emt 00:05:05]} Nge5 {[%clk 00:09:59]} {[%emt
00:08:38]} 21. Nxe5 {[%clk 00:27:39]} {[%emt 00:03:10]} Nxe5 {[%clk 00:10:15]}
{[%emt 00:00:14]} 22. Bc3 {[%clk 00:25:13]} {[%emt 00:02:57]} Rxb5 {[%clk
00:09:42]} {[%emt 00:01:04]} 23. axb5 {[%clk 00:17:16]} {[%emt 00:08:26]} Qb7
{[%clk 00:10:06]} {[%emt 00:00:06]} 24. Ne3 {[%clk 00:17:42]} {[%emt 00:00:04]}
Rb8 {[%clk 00:09:53]} {[%emt 00:00:43]} 25. Ra5 {[%clk 00:17:58]} {[%emt
00:00:15]} Nd7 {[%clk 00:09:10]} {[%emt 00:01:12]} 26. Qa2 {[%clk 00:14:42]}
{[%emt 00:03:45]} Bd4 {[%clk 00:06:28]} {[%emt 00:03:13]} 27. Nc2 {[%clk
00:12:17]} {[%emt 00:02:55]} Be5 {[%clk 00:04:56]} {[%emt 00:02:01]} 28. h3
{[%clk 00:09:33]} {[%emt 00:03:15]} Nf6 {[%clk 00:02:48]} {[%emt 00:02:38]} 29.
Qa4 {[%clk 00:09:16]} {[%emt 00:00:47]} e6 {[%clk 00:02:10]} {[%emt 00:01:07]}
30. Bxe5 {[%clk 00:08:57]} {[%emt 00:00:50]} dxe5 {[%clk 00:02:36]} {[%emt
00:00:04]} 31. dxe6 {[%clk 00:09:19]} {[%emt 00:00:08]} Qxe4 {[%clk 00:01:54]}
{[%emt 00:01:12]} 32. exf7+ {[%clk 00:08:59]} {[%emt 00:00:51]} Kf8 {[%clk
00:01:49]} {[%emt 00:00:34]} 33. Qb3 {[%clk 00:06:31]} {[%emt 00:02:57]} Qd5
{[%clk 00:01:34]} {[%emt 00:00:45]} 34. Qe3 {[%clk 00:04:02]} {[%emt 00:02:59]}
Qd1+ {[%clk 00:01:16]} {[%emt 00:00:49]} 35. Ne1 {[%clk 00:04:28]} {[%emt
00:00:04]} Qd4 {[%clk 00:01:22]} {[%emt 00:00:23]} 36. Qh6+ {[%clk 00:04:02]}
{[%emt 00:00:57]} Kxf7 {[%clk 00:01:48]} {[%emt 00:00:04]} 37. Ra7+ {[%clk
00:04:29]} {[%emt 00:00:02]} Ke6 {[%clk 00:02:05]} {[%emt 00:00:14]} 38. Ra6+
{[%clk 00:04:29]} {[%emt 00:00:31]} Kf7 {[%clk 00:02:20]} {[%emt 00:00:14]} 39.
Nf3 {[%clk 00:04:42]} {[%emt 00:00:17]} Qf4 {[%clk 00:01:38]} {[%emt 00:01:11]}
40. Ng5+ {[%clk 00:03:22]} {[%emt 00:01:50]} Kg8 {[%clk 00:01:14]} {[%emt
00:00:54]} 41. g3 {[%clk 00:03:14]} {[%emt 00:00:39]} Qf5 {[%clk 00:26:11]}
{[%emt 00:05:33]} 42. Ra7 {[%clk 00:32:17]} {[%emt 00:01:26]} 1-0